00420 a2200157 4500003000400000005001700004008004100021020001800062040000900080082002000089100003000109245005800139250001200197260004300209300001000252OSt20240207121738.0240207b |||||||| |||| 00| 0 eng d a9788188779505 coclc a894.8124bSHI/M aShihab, Syed Mohammedali  aMatham Samooham Samskaram /c Syed Mohammedali Shihab a2nd ed. aKozhikode:bOlive Publications,c2020. a160p.